|
|
|
|
| LEADER |
00000nab a2200000 a 4500 |
| 001 |
vtls000595152 |
| 003 |
SK-MaSNL |
| 005 |
20260304085405.0 |
| 008 |
250425c1996 xo 0 slo |
| 015 |
|
|
|a SNBRB19rr/mm-uuuuu
|
| 035 |
|
|
|a CL0595291
|
| 035 |
|
|
|a urn:nbn:sk:snk-abbq4j
|
| 035 |
|
|
|a (urnnbn)urn:nbn:sk:snk:ar-001bw1
|
| 035 |
|
|
|a (uuid)d95059d7-8f23-489f-9767-d4d361073235
|
| 040 |
|
|
|a SNKBUCL
|b slo
|c SNKBUCL
|e AACR2
|
| 041 |
0 |
|
|a slo
|
| 044 |
|
|
|a xo
|c SK
|
| 080 |
|
|
|a 378.662.096:621.3(437.6):681.5
|2 1981
|
| 080 |
|
|
|a 681.5
|2 1981
|
| 100 |
1 |
|
|a Kalaš, Václav,
|d 1928-2013
|4 aut
|9 160805
|
| 245 |
1 |
0 |
|a Stručná informácia o Katedre automatizácie a regulácie FEI STU Bratislava
|c Václav Kalaš, Milan Žalman
|
| 610 |
2 |
7 |
|a Slovenská technická univerzita v Bratislave.
|b Fakulta elektrotechniky a informatiky
|2 SNKKA
|9 179801
|
| 655 |
|
7 |
|a články z novín a časopisov
|2 snkbucl
|9 267496
|
| 700 |
1 |
|
|a Žalman, Milan,
|d 1945-
|4 aut
|9 219145
|
| 773 |
0 |
|
|t AT&P journal
|g Roč. 3, č. 2 (1996), s. 11
|
| 850 |
|
|
|a Slovenská národná knižnica
|
| 852 |
|
|
|a Slovenská národná knižnica
|
| 954 |
|
|
|a odborná, vedecká literatúra pôvodná (slovenská)
|2 lita
|
| 958 |
|
|
|a article15
|
| 958 |
|
|
|a RK
|
| 958 |
|
|
|a SK
|
| 958 |
|
|
|a OND
|
| 958 |
|
|
|a EUIPO
|
| 992 |
|
|
|a RBX
|
| 999 |
|
|
|c 2807820
|d 2809750
|